000 00529nam a2200181Ia 4500
008 151202s9999||||xx |||||||||||||| ||und||
082 _bPNVM-55871
100 _aभावे पु.भा.
245 _aदेव्हारा.
260 _b"मेनका प्रकाशन,पुणे."
260 _c1977
300 _a148
600 _aभावे पु.भा.
630 _aदेव्हारा.
700 _aभावे पु.भा.
730 _aदेव्हारा.
942 _cBOOK
999 _c1322409
_d1322406